000 00936nam a2200289 i 4500
003 EG-GICUC
005 20260404081840.0
008 260404s1953 cn ||||fr|||| 00| 0 fre d
040 _aEG-GiCUC
_cEG-GiCUC
_dEG-GiCUC
_eRda
_bfre
082 0 4 _221
_a341.6047
_bWA . H
092 0 4 _221
099 _aLaw1 11 341.6047 WA . H 1953
100 1 _aWalter, Gérard
_eAuteur
245 1 0 _aHistoire De La Révolution Russe :
_bL'effondrement De La Monarchie /
_cGérard Walter.
264 1 _aGallimard :
_bLibrairie Gallimard,
_c1953.
300 _a383page :
_billustration ;
_c 24 cm.
336 _2rda contenu
_a texte
337 _2rda medias
_aOrdinateur
338 _2 transporteur rda
_a Ressource en ligne
504 _a
546 _aTexte en français
650 1 4 _2Droit international public
651 1 _2
856 4 0 _uhttps://fll.law.cu.edu.eg/fulltext/bks/B11-08237.pdf
905 _a50
942 _2ddc
_cBK
_e21
_n0
999 _c68560
_d68560